| 000 | 00524cam a22002171 4500 | ||
|---|---|---|---|
| 001 | sa 64008048 | ||
| 003 | DLC | ||
| 005 | 20260227112051.0 | ||
| 008 | 890403s1964 xx 000 0 beno | ||
| 010 | _asa 64008048 | ||
| 035 | _a(OCoLC)23558432 | ||
| 040 |
_aDLC _cMiU _dDLC |
||
| 042 | _apremarc | ||
| 043 | _aa-ii--- | ||
| 050 | 0 | 0 |
_aDS414 _b.B38 |
| 100 | 1 |
_aBasu, Samareśa, _d1924-1988. |
|
| 245 | 1 | 0 | _aNirjana saikate. |
| 260 | _c[1964] | ||
| 300 |
_a267 p. _c22 cm. |
||
| 651 | 0 |
_aIndia _xDescription and travel. |
|
| 999 |
_c60655 _d60655 |
||